| 000 | 01399nam0a2200397 4500 | ||
|---|---|---|---|
| 001 | RU\NLR\bibl\328941 | ||
| 005 | 20260406082816.0 | ||
| 010 |
_a5-89647-066-5 _91000 |
||
| 021 |
_aRU _b2002-34739 _91699 |
||
| 035 | _a(NLR Aleph) 000323919 | ||
| 090 |
_a114589 _c114589 |
||
| 100 | _a20021016d2002 |||y0rusy50 ca | ||
| 101 | 1 | _arus | |
| 102 | _aRU | ||
| 105 | _ay ||||||||| | ||
| 200 | 1 |
_aЕвангельские проповеди _e[Перевод] _fГенри Драммонд |
|
| 210 |
_aМ. _cБиблейс.-богосл. ин-т св. ап. Андрея _d2002 |
||
| 215 |
_a140 с. _d22 |
||
| 225 | 1 | _aСерия "Читая Библию" | |
| 311 | _aПрил. к журн. "Мир Библии" | ||
| 422 | 0 |
_12001#$aМир Библии _tМир Библии |
|
| 606 | 0 |
_aПроповеди протестантские _92079289 _3RU\NLR\auth\661255166 |
|
| 610 | 0 | _aХристианство | |
| 675 |
_a274.2 _v3 _zrus |
||
| 686 |
_a21.15 _2rugasnti |
||
| 686 |
_a86.376 _2rubbk |
||
| 686 | _aЭ376-462.2 | ||
| 700 | 1 |
_4070 _7ca _8rus _aДруммонд _bГ. _cбогослов-натуралист _f1851-1897 _gГенри _3RU\NLR\AUTH\770277534 _92649501 |
|
| 801 | 0 |
_aRU _bRKP _c20021016 _gPSBO |
|
| 801 | 1 |
_aRU _bRKP _c20021016 |
|
| 801 | 2 |
_aRU _bNLR _c20091223 _grcr |
|
| 942 | _cBOOK | ||
| 980 | _aNB | ||